[Event "Sparkassen-Open A"]
[Site "Heusenstamm, Martinsee"]
[Date "2018.11.25"]
[Round "6.29"]
[White "KÃ¶llner, Ruben Gideon"]
[Black "Pfeffer, Marko"]
[Result "1-0"]
[WhiteElo "2238"]
[BlackElo "2016"]
[PlyCount "27"]
[EventDate "2018.??.??"]
[WhiteTeam "SG Bochum"]
[BlackTeam "SC Bergen-Enkheim"]

1. d4 e6 2. Nf3 f5 3. Bg5 Be7 4. h4 b6 5. d5 Nf6 6. Nc3 Na6 7. e3 Nc5 8. Ne5
O-O 9. Bc4 Kh8 10. h5 Qe8 11. Ng6+ hxg6 12. hxg6+ Kg8 13. Bxf6 Rxf6 14. Rh8+
1-0

[Event "Sparkassen-Open A"]
[Site "Heusenstamm, Martinsee"]
[Date "2018.11.25"]
[Round "6.30"]
[White "de Visser, Leon"]
[Black "Trumpp, Lothar"]
[Result "1-0"]
[WhiteElo "2230"]
[BlackElo "2004"]
[PlyCount "99"]
[EventDate "2018.??.??"]
[WhiteTeam "SV Griesheim"]
[BlackTeam "VSG Offenbach"]

1. c4 e5 2. g3 Nf6 3. Bg2 d6 4. Nc3 Be7 5. d3 O-O 6. Nf3 Nbd7 7. O-O c6 8. b4
Qc7 9. Bd2 Re8 10. Rb1 Nf8 11. b5 Bd7 12. Qb3 Ne6 13. b6 axb6 14. Qxb6 Reb8 15.
Qxc7 Nxc7 16. Rb2 Ne6 17. Rfb1 Bc8 18. Ng5 Ra6 19. Nxe6 fxe6 20. Bh3 Rba8 21.
Rxb7 Bxb7 22. Bxe6+ Kf8 23. Rxb7 R6a7 24. Rb6 Ra6 25. Rb7 R6a7 26. Rb2 Bd8 27.
c5 d5 28. e4 d4 29. Ne2 Nd7 30. Bb4 Ke7 31. Bc4 g5 32. f4 Kf6 33. fxe5+ Kxe5
34. Nc1 Be7 35. Rf2 Rf8 36. Bf7 Bxc5 37. Bd2 h6 38. h4 Be7 39. Nb3 Ra4 40. Na5
Rxf7 41. Rxf7 Ke6 42. Rh7 Rxa2 43. Rxh6+ Kf7 44. Nc4 gxh4 45. gxh4 Ra6 46. Rh7+
Ke8 47. h5 Ra7 48. h6 Nf8 49. Rg7 Bc5 50. Nd6+ 1-0

[Event "Sparkassen-Open A"]
[Site "Heusenstamm, Martinsee"]
[Date "2018.11.25"]
[Round "6.31"]
[White "Azimi, Reza"]
[Black "Wolf, Ulrich Martin"]
[Result "0-1"]
[WhiteElo "2028"]
[BlackElo "2221"]
[PlyCount "80"]
[EventDate "2018.??.??"]
[WhiteTeam "MÃ¼nchener SC"]
[BlackTeam "SC Hansa Dortmund"]

1. e4 c5 2. a3 e6 3. b4 d5 4. exd5 cxb4 5. Nf3 exd5 6. Bb5+ Nc6 7. O-O Nf6 8.
Re1+ Be7 9. Qe2 Bg4 10. Bb2 Bxf3 11. gxf3 Kf8 12. axb4 Bd6 13. Bxc6 bxc6 14.
Be5 Bxb4 15. Qa6 Qd7 16. Ra4 Be7 17. d4 h5 18. Re3 Rh6 19. Kf1 Rg6 20. Rb3 Ne8
21. Qb7 Qf5 22. Rc3 Rd8 23. Rxa7 Re6 24. Nd2 f6 25. f4 fxe5 26. fxe5 Kg8 27.
Rxc6 Bh4 28. f3 Re7 29. Qb6 Rxa7 30. Qxa7 Qf4 31. Ke2 Qxh2+ 32. Kd3 Be1 33. Nb3
Qf2 34. c4 Qxf3+ 35. Kc2 dxc4 36. Na5 Qe2+ 37. Kb1 Bxa5 38. Qxa5 Rxd4 39. Rd6
Nxd6 40. Qd8+ Kh7 0-1

[Event "Sparkassen-Open A"]
[Site "Heusenstamm, Martinsee"]
[Date "2018.11.25"]
[Round "6.32"]
[White "Erdmann, Stefan"]
[Black "Scharrer, Udo"]
[Result "1-0"]
[WhiteElo "2216"]
[BlackElo "2014"]
[PlyCount "95"]
[EventDate "2018.??.??"]
[WhiteTeam "SC Bad Soden"]
[BlackTeam "SV Dicker Turm Esslingen"]

1. d4 Nf6 2. c4 g6 3. Nc3 Bg7 4. Nf3 O-O 5. g3 d6 6. Bg2 Nc6 7. O-O a6 8. Qd3
e5 9. dxe5 Nxe5 10. Nxe5 dxe5 11. Qxd8 Rxd8 12. Bg5 Re8 13. Nd5 Nxd5 14. cxd5
f6 15. Bd2 Bf8 16. Rac1 Bd6 17. e4 f5 18. f3 Bd7 19. Rfe1 c6 20. dxc6 Bxc6 21.
Ba5 fxe4 22. fxe4 Re7 23. Bh3 Rae8 24. Bf1 Bc7 25. Bb4 Bb6+ 26. Bc5 Bxc5+ 27.
Rxc5 Rd8 28. Bc4+ Kg7 29. Bd5 Bxd5 30. exd5 Rd6 31. Kf2 b6 32. Rc6 Rxc6 33.
dxc6 Kf6 34. Rc1 Rc7 35. Ke3 Ke6 36. Ke4 a5 37. g4 Kd6 38. g5 b5 39. Rf1 Rxc6
40. Rf6+ Kc5 41. Rxc6+ Kxc6 42. Kxe5 Kc5 43. Kf6 a4 44. Kg7 Kb4 45. Kxh7 a3 46.
bxa3+ Kxa3 47. Kxg6 Kxa2 48. Kf6 1-0

[Event "Sparkassen-Open A"]
[Site "Heusenstamm, Martinsee"]
[Date "2018.11.25"]
[Round "6.33"]
[White "Hehn, Hartmut"]
[Black "Siddharth, Jagadeesh"]
[Result "1/2-1/2"]
[WhiteElo "2016"]
[BlackElo "2215"]
[PlyCount "45"]
[EventDate "2018.??.??"]
[WhiteTeam "SV Ebersbach"]
[BlackTeam "Singapore"]
[BlackTeamCountry "SIN"]

1. e4 c6 2. d4 d5 3. Nc3 dxe4 4. Nxe4 Nd7 5. Bd3 Ngf6 6. Ne2 Nxe4 7. Bxe4 Nf6
8. Bf3 Bf5 9. Ng3 Bg6 10. c3 e6 11. Bg5 Be7 12. O-O Qb6 13. Qb3 Qc7 14. Rfe1
O-O-O 15. Rad1 h5 16. Ne4 Rde8 17. Nxf6 gxf6 18. Bxf6 Bxf6 19. Qc4 Reg8 20. b4
Kb8 21. b5 cxb5 22. Qxb5 Bc2 23. Rd2 1/2-1/2

[Event "Sparkassen-Open A"]
[Site "Heusenstamm, Martinsee"]
[Date "2018.11.25"]
[Round "6.34"]
[White "Lisanti, Andre"]
[Black "Waffenschmidt, Joachim"]
[Result "1-0"]
[WhiteElo "2209"]
[BlackElo "2007"]
[PlyCount "101"]
[EventDate "2018.??.??"]
[WhiteTeam "TSV Schott Mainz"]
[BlackTeam "SC Brett vorm Kopp"]

1. d4 d5 2. c4 c6 3. Nc3 Nf6 4. Nf3 dxc4 5. a4 Bf5 6. e3 e6 7. Bxc4 Bb4 8. Qb3
a5 9. O-O Qe7 10. Re1 O-O 11. Nh4 Nbd7 12. g3 Bh3 13. Bd2 c5 14. Rad1 Nb6 15.
Be2 Rfd8 16. Bc1 Nbd5 17. Bf3 Rac8 18. Bd2 b6 19. e4 Nc7 20. e5 Nfd5 21. Ne4
cxd4 22. Bg5 f6 23. exf6 gxf6 24. Bd2 Bxd2 25. Nxd2 e5 26. Rc1 Be6 27. Qd1 Qg7
28. Rc6 Nf4 29. Rxb6 Nh3+ 30. Kf1 Rb8 31. Rxe6 Nxe6 32. Nf5 Qf8 33. Bg4 Nhg5
34. h4 Nf7 35. Ne4 Qb4 36. Kg2 Qb7 37. Kh3 Nfg5+ 38. hxg5 Nxg5+ 39. Nxg5 fxg5
40. Rxe5 d3 41. Rb5 Qe4 42. Nd6 Rxd6 43. Rxb8+ Kg7 44. Qf3 Qxf3 45. Bxf3 Kf6
46. Rb5 Rd4 47. Rd5 g4+ 48. Kh4 Rb4 49. Bxg4 Rxb2 50. Rxd3 Rxf2 51. Rf3+ 1-0

[Event "Sparkassen-Open A"]
[Site "Heusenstamm, Martinsee"]
[Date "2018.11.25"]
[Round "6.35"]
[White "Yankelevich, Michael"]
[Black "Mesias Rojas, Rabindranath"]
[Result "0-1"]
[WhiteElo "1978"]
[BlackElo "2205"]
[PlyCount "118"]
[EventDate "2018.??.??"]
[WhiteTeam "SG Trier"]
[BlackTeam "AJEZA"]

1. e4 g6 2. d4 c6 3. Nf3 Bg7 4. c3 d5 5. e5 f6 6. Bf4 Bg4 7. h3 Bxf3 8. Qxf3
fxe5 9. Bxe5 Nf6 10. Bd3 O-O 11. Qe2 Nbd7 12. Bh2 e5 13. dxe5 Nxe5 14. Bxe5 Re8
15. O-O Nh5 16. Qg4 Rxe5 17. Nd2 Rg5 18. Qe6+ Kh8 19. Qe3 d4 20. cxd4 Bxd4 21.
Qe4 Ng3 22. Qf3 Nxf1 23. Rxf1 Bg7 24. Ne4 Rf5 25. Qe2 Qd4 26. b3 Rd8 27. Rd1
Rfd5 28. Bc2 Qe5 29. Re1 Qf4 30. g3 Qe5 31. Qg4 Re8 32. Kg2 Rd4 33. Qh4 Qd5 34.
Kh2 Rf8 35. Re2 Qb5 36. Re1 Qf5 37. Re2 Qf3 38. Ng5 Rxh4 39. Nxf3 Rh5 40. Nd2
Rd8 41. a4 Re5 42. Ne4 b5 43. f4 Re7 44. Rd2 bxa4 45. bxa4 Rde8 46. h4 c5 47.
Kh3 Bd4 48. Nd6 Re2 49. Rxe2 Rxe2 50. Bd3 Rd2 51. Bc4 Bg1 52. Nf7+ Kg7 53. Ne5
Bd4 54. Nf3 Rc2 55. Bb5 Bf6 56. g4 c4 57. g5 Bb2 58. Kg4 Rg2+ 59. Kh3 c3 0-1

[Event "Sparkassen-Open A"]
[Site "Heusenstamm, Martinsee"]
[Date "2018.11.25"]
[Round "6.36"]
[White "Hebbering, Tom Elliot"]
[Black "Kolker, Vladislav"]
[Result "1/2-1/2"]
[WhiteElo "2199"]
[BlackElo "1999"]
[PlyCount "64"]
[EventDate "2018.??.??"]
[WhiteTeam "SK Gernsheim"]
[BlackTeam "SC Bad Nauheim"]

1. d4 Nf6 2. c4 g6 3. g3 Bg7 4. Bg2 O-O 5. Nc3 d6 6. Nf3 Nc6 7. O-O a6 8. b3
Rb8 9. d5 Na5 10. Bg5 h6 11. Bd2 c5 12. dxc6 Nxc6 13. Rc1 Bd7 14. Nd5 b5 15.
Nxf6+ Bxf6 16. Bxh6 Re8 17. Qd2 bxc4 18. Rxc4 a5 19. Rfc1 Qb6 20. h4 Rec8 21.
Bg5 Bg7 22. Be3 Qa6 23. Nd4 Nxd4 24. Bxd4 Rxc4 25. Rxc4 Bxd4 26. Rxd4 a4 27.
bxa4 Rb1+ 28. Kh2 Bxa4 29. Rb4 Rxb4 30. Qxb4 Bd1 31. e4 Qxa2 32. Qd4 Qa4
1/2-1/2

[Event "Sparkassen-Open A"]
[Site "Heusenstamm, Martinsee"]
[Date "2018.11.25"]
[Round "6.37"]
[White "Rutsatz, Mario"]
[Black "Bethke, Richard"]
[Result "0-1"]
[WhiteElo "2006"]
[BlackElo "2192"]
[PlyCount "70"]
[EventDate "2018.??.??"]
[WhiteTeam "SF Frankfurt"]
[BlackTeam "SF Neuberg"]

1. c4 e6 2. g3 d5 3. Bg2 Nf6 4. Nf3 Be7 5. O-O O-O 6. d4 c6 7. Qc2 Nbd7 8. b3
b6 9. Bb2 Ba6 10. Nbd2 Rc8 11. Rfe1 c5 12. dxc5 dxc4 13. Nxc4 Bxc5 14. Qb1 Bb7
15. Nfe5 Bxg2 16. Kxg2 b5 17. Nxd7 Qxd7 18. Ne5 Qd5+ 19. Nf3 Ne4 20. e3 Bb4 21.
Re2 Nc3 22. Qe1 Qe4 23. Bxc3 Bxc3 24. Qb1 Qb7 25. e4 Rfd8 26. a3 Bxa1 27. Qxa1
Qd7 28. Qe5 f6 29. Qh5 e5 30. g4 Qf7 31. Qh3 Qxb3 32. g5 Qf7 33. Rd2 Qe8 34.
gxf6 Qg6+ 35. Kh1 Rc1+ 0-1

[Event "Sparkassen-Open A"]
[Site "Heusenstamm, Martinsee"]
[Date "2018.11.25"]
[Round "6.38"]
[White "Laux, Dominik"]
[Black "Adocchio, Giampiero"]
[Result "0-1"]
[WhiteElo "1973"]
[BlackElo "2171"]
[PlyCount "88"]
[EventDate "2018.??.??"]
[WhiteTeam "VSG Offenbach"]
[BlackTeam "Mosbacher SC"]

1. d4 d5 2. Bf4 Nf6 3. e3 e6 4. Nf3 c5 5. c3 Nc6 6. Nbd2 cxd4 7. exd4 Nh5 8.
Bg5 f6 9. Be3 Bd6 10. Ng1 g6 11. g4 Ng7 12. Bg2 O-O 13. Qe2 f5 14. gxf5 Nxf5
15. Ngf3 Nxe3 16. fxe3 e5 17. Qb5 Be6 18. dxe5 Nxe5 19. O-O-O a6 20. Qe2 Qa5
21. Nxe5 Bxe5 22. Nb3 Qxa2 23. Bxd5 Bxd5 24. Rxd5 Bxc3 25. Qc2 Bxb2+ 26. Qxb2
Rac8+ 27. Rc5 Rxc5+ 28. Nxc5 Qc4+ 29. Kb1 Qxc5 30. Qb3+ Rf7 31. Rf1 Qb5 32.
Qxb5 axb5 33. Rc1 Kg7 34. Rc5 Rf2 35. h4 Re2 36. Rxb5 Rxe3 37. Rxb7+ Kh6 38. h5
Rc3 39. hxg6 hxg6 40. Rb2 g5 41. Rh2+ Kg6 42. Kb2 Rc8 43. Rg2 Kf5 44. Rf2+ Kg4
0-1

[Event "Sparkassen-Open A"]
[Site "Heusenstamm, Martinsee"]
[Date "2018.11.25"]
[Round "6.40"]
[White "Teichert, Felix"]
[Black "Browning, Alex"]
[Result "1-0"]
[WhiteElo "1980"]
[BlackElo "2102"]
[PlyCount "83"]
[EventDate "2018.??.??"]
[WhiteTeam "Leegebrucher SF"]
[BlackTeam "SVG Plettenberg"]

1. d4 Nf6 2. c4 g6 3. Nc3 Bg7 4. Nf3 O-O 5. Bf4 d6 6. h3 Nbd7 7. e3 b6 8. Bd3
Bb7 9. O-O a6 10. a4 Qc8 11. Nd2 Ra7 12. d5 e5 13. Bh2 Ra8 14. Qc2 a5 15. Nb5
Qd8 16. f4 exf4 17. exf4 Nc5 18. Rae1 Qd7 19. Nf3 Rae8 20. f5 Bc8 21. Nfd4 Ba6
22. g4 g5 23. Kf2 Nxd5 24. f6 Nxd3+ 25. Qxd3 Nxf6 26. Nf5 d5 27. Nxg7 Kxg7 28.
Be5 h6 29. Bxf6+ Kxf6 30. Qh7 Re6 31. Rxe6+ Qxe6 32. Qxh6+ Ke7 33. Re1 c6 34.
Rxe6+ fxe6+ 35. Ke3 cxb5 36. cxd5 exd5 37. Qxg5+ Ke6 38. Qg6+ Rf6 39. Qe8+ Kd6
40. axb5 Bb7 41. Qd8+ Ke5 42. Qe7+ 1-0

[Event "Sparkassen-Open A"]
[Site "Heusenstamm, Martinsee"]
[Date "2018.11.25"]
[Round "6.41"]
[White "KÃ¶llner, Christof"]
[Black "Kirchner, Markus"]
[Result "1-0"]
[WhiteElo "2105"]
[BlackElo "1887"]
[PlyCount "41"]
[EventDate "2018.??.??"]
[WhiteTeam "SV Bergneustadt/Derschlag"]
[BlackTeam "SF SchÃ¶neck"]

1. d4 f5 2. Nc3 Nf6 3. Bg5 d5 4. Bxf6 exf6 5. e3 c6 6. Bd3 Bd6 7. Qf3 Qd7 8.
Nge2 b6 9. O-O-O Na6 10. Ng3 g6 11. h4 Bb7 12. h5 Qg7 13. hxg6 hxg6 14. Rxh8+
Qxh8 15. Rh1 Qg7 16. Bxf5 gxf5 17. Nxf5 Qf8 18. Nxd6+ Qxd6 19. Rh8+ Kd7 20.
Qg4+ Kc7 21. Qg7+ 1-0

[Event "Sparkassen-Open A"]
[Site "Heusenstamm, Martinsee"]
[Date "2018.11.25"]
[Round "6.42"]
[White "Boder, Jan"]
[Black "Rondonuwu, Grover"]
[Result "1-0"]
[WhiteElo "1896"]
[BlackElo "2101"]
[PlyCount "71"]
[EventDate "2018.??.??"]
[WhiteTeam "SG MÃ¶rsdorf-Lahr"]
[BlackTeam "Frankfurter TV"]

1. b3 e5 2. Bb2 d6 3. g3 f5 4. Bg2 Nf6 5. c4 g6 6. e3 Bg7 7. Ne2 O-O 8. O-O Nc6
9. Nbc3 Bd7 10. a3 Rb8 11. Qc2 Ne7 12. d4 Qe8 13. Rfd1 Bc6 14. d5 Bd7 15. a4 a6
16. b4 b6 17. Qb3 g5 18. a5 Kh8 19. f4 Ng4 20. Bc1 gxf4 21. exf4 e4 22. h3 Nf6
23. axb6 Rxb6 24. Be3 c5 25. dxc6 Rxc6 26. Nd4 Rc7 27. Rxa6 Qc8 28. Rxd6 Rxc4
29. Ncb5 Bxb5 30. Nxb5 Rc2 31. Bc5 Rxc5 32. bxc5 Qxc5+ 33. Kh2 Nc6 34. Qe6 Re8
35. Rxc6 Qxb5 36. Rc8 1-0

[Event "Sparkassen-Open A"]
[Site "Heusenstamm, Martinsee"]
[Date "2018.11.25"]
[Round "6.43"]
[White "Gallasch, Jonas"]
[Black "Tuzi, Bruna"]
[Result "1-0"]
[WhiteElo "2100"]
[BlackElo "1866"]
[PlyCount "75"]
[EventDate "2018.??.??"]
[WhiteTeam "SG Porz"]
[BlackTeam "SK GieÃŸen"]

1. Nf3 d5 2. c4 d4 3. e3 c5 4. b4 Nf6 5. exd4 cxd4 6. Bb2 e5 7. Nxe5 Qd6 8. Nf3
d3 9. Be5 Qxb4 10. Bxd3 Be6 11. Qe2 Bc5 12. O-O Nc6 13. Nc3 Nxe5 14. Qxe5 Ng4
15. Qe2 O-O-O 16. Ne4 Bd4 17. Rab1 Qe7 18. c5 Kb8 19. Nd6 Rxd6 20. cxd6 Qxd6
21. h3 Nf6 22. a4 Ba2 23. Rbe1 Re8 24. Qd1 Bxf2+ 25. Rxf2 Qxd3 26. Rxe8+ Nxe8
27. Qe2 Qxe2 28. Rxe2 Nd6 29. d3 Bb3 30. a5 Kc7 31. Nd4 Ba4 32. Kf2 b5 33. Re7+
Kd8 34. Nc6+ Kc8 35. Nxa7+ Kd8 36. Nc6+ Kc8 37. a6 b4 38. Nxb4 1-0

[Event "Sparkassen-Open A"]
[Site "Heusenstamm, Martinsee"]
[Date "2018.11.25"]
[Round "6.44"]
[White "MÃ¼ller, Jochen"]
[Black "Wortmann, Klaus-Peter"]
[Result "0-1"]
[WhiteElo "1967"]
[BlackElo "2097"]
[PlyCount "172"]
[EventDate "2018.??.??"]
[WhiteTeam "Spvgg Stetten"]
[BlackTeam "MS Halver-SchalksmÃ¼hle"]

1. e4 d5 2. exd5 Qxd5 3. Nf3 Bg4 4. Be2 Nc6 5. O-O O-O-O 6. c4 Qd7 7. Nc3 Nf6
8. Qa4 Kb8 9. Nb5 a6 10. Nc3 Bxf3 11. Bxf3 Ne5 12. Be2 Qxa4 13. Nxa4 Nd3 14.
Rd1 e6 15. b3 Bb4 16. Bxd3 Rxd3 17. a3 Bd6 18. b4 Be5 19. Rb1 Rhd8 20. Nc5 R3d6
21. Bb2 Bxb2 22. Rxb2 Rd4 23. Rc2 Ka7 24. f3 b6 25. Na4 Rd3 26. Nc3 Nd7 27. Kf2
Ne5 28. Nb1 Nc6 29. c5 b5 30. Re1 R3d5 31. Re4 Ne5 32. Ke2 Nc4 33. Rh4 h5 34.
a4 Kb7 35. axb5 axb5 36. Ra2 g6 37. Re4 Rd3 38. h4 R8d5 39. g4 hxg4 40. fxg4
Rh3 41. g5 c6 42. Rf4 Rf5 43. Rd4 Rh2+ 44. Kd3 Rd5 45. Rxd5 exd5 46. Kc3 Rxh4
47. d3 d4+ 48. Kb3 Rh3 49. Rf2 Ne5 50. Kc2 Rf3 51. Re2 Re3 52. Rxe3 dxe3 53. d4
Nf3 54. Kd3 e2 55. Kxe2 Nxd4+ 56. Kd3 Ne6 57. Ke4 Nxg5+ 58. Ke5 Nf3+ 59. Kf6 g5
60. Kf5 f6 61. Nc3 Nd4+ 62. Kxf6 g4 63. Ke5 Nc2 64. Kf4 Nxb4 65. Kxg4 Nd3 66.
Ne4 b4 67. Kf3 Ka6 68. Ke3 Ne5 69. Kd4 Nd7 70. Kc4 Ka5 71. Nd2 Ka4 72. Nb1 Ne5+
73. Kd4 Nf3+ 74. Ke4 Kb3 75. Kxf3 Kc2 76. Ke4 Kxb1 77. Ke5 Kc2 78. Kd6 b3 79.
Kxc6 b2 80. Kc7 b1=Q 81. c6 Kc3 82. Kc8 Kc4 83. c7 Kc5 84. Kd7 Qb7 85. Kd8 Kd6
86. c8=N+ Ke6 0-1

[Event "Sparkassen-Open A"]
[Site "Heusenstamm, Martinsee"]
[Date "2018.11.25"]
[Round "6.45"]
[White "Ahrends, Norbert"]
[Black "Zimmermann, Rolf"]
[Result "1/2-1/2"]
[WhiteElo "1856"]
[BlackElo "2093"]
[PlyCount "31"]
[EventDate "2018.??.??"]
[WhiteTeam "SV GroÃŸ-Gerau"]
[BlackTeam "SC Tornado Hochneukirch"]

1. Nf3 d5 2. d4 Nf6 3. c4 e6 4. Nc3 c6 5. Bg5 Be7 6. e3 Nbd7 7. Be2 dxc4 8.
Bxc4 Nd5 9. Bxe7 Qxe7 10. O-O O-O 11. Rc1 b6 12. Nxd5 exd5 13. Bd3 Bb7 14. Re1
Qd6 15. a3 Rfe8 16. Rc3 1/2-1/2

[Event "Sparkassen-Open A"]
[Site "Heusenstamm, Martinsee"]
[Date "2018.11.25"]
[Round "6.46"]
[White "Schubert, Nikita"]
[Black "HeÃŸ, Steffen"]
[Result "1/2-1/2"]
[WhiteElo "1845"]
[BlackElo "2092"]
[PlyCount "107"]
[EventDate "2018.??.??"]
[WhiteTeam "ESV Gera"]
[BlackTeam "SC GroÃŸ-Zimmern"]

1. d4 Nf6 2. Nf3 g6 3. c4 Bg7 4. g3 O-O 5. Bg2 d6 6. Nc3 Nbd7 7. O-O e5 8. e4
exd4 9. Nxd4 a6 10. h3 Re8 11. Be3 Rb8 12. f4 Nc5 13. Qc2 Ncxe4 14. Nxe4 Nxe4
15. Bxe4 Qe7 16. Rfe1 Qxe4 17. Bf2 Qxe1+ 18. Rxe1 Rxe1+ 19. Bxe1 Bxd4+ 20. Kh2
Bf5 21. Qe2 b5 22. cxb5 Rxb5 23. Bc3 c5 24. a4 Rb3 25. g4 Be6 26. Qxa6 Bxc3 27.
bxc3 Rxc3 28. Qxd6 Ra3 29. a5 Ra2+ 30. Kg3 c4 31. Kh4 h6 32. Qc5 Rd2 33. a6 Ra2
34. f5 gxf5 35. gxf5 Rxa6 36. fxe6 Rxe6 37. Kg4 Kg7 38. Qxc4 Rg6+ 39. Kf4 Rf6+
40. Ke4 Re6+ 41. Kf4 Rf6+ 42. Kg3 Rg6+ 43. Kh2 Kg8 44. Qe2 Kg7 45. h4 Kg8 46.
Qf3 Kg7 47. h5 Rg5 48. Kh3 Kg8 49. Kh4 Kg7 50. Qc3+ Kg8 51. Qf6 Kh7 52. Qxf7+
Kh8 53. Qe6 Kg7 54. Qe1 1/2-1/2

[Event "Sparkassen-Open A"]
[Site "Heusenstamm, Martinsee"]
[Date "2018.11.25"]
[Round "6.47"]
[White "Mohr, Thomas"]
[Black "Olesiak, Marcin"]
[Result "1/2-1/2"]
[WhiteElo "1778"]
[BlackElo "2043"]
[PlyCount "33"]
[EventDate "2018.??.??"]
[WhiteTeam "SC FK Babenhausen"]
[BlackTeam "SV Oberursel"]

1. f4 c5 2. Nf3 Nc6 3. e3 g6 4. d4 d5 5. c3 cxd4 6. exd4 Bf5 7. Bd3 Bxd3 8.
Qxd3 e6 9. O-O Bg7 10. Nbd2 Nge7 11. Ne5 Nxe5 12. fxe5 Qb6 13. Kh1 h5 14. Nf3
Nf5 15. Re1 Rc8 16. Qd1 a6 17. Qb3 1/2-1/2

[Event "Sparkassen-Open A"]
[Site "Heusenstamm, Martinsee"]
[Date "2018.11.25"]
[Round "6.48"]
[White "Dickel, Jens"]
[Black "Papadopoulos, Ioannis"]
[Result "1-0"]
[WhiteElo "2077"]
[BlackElo "1796"]
[PlyCount "153"]
[EventDate "2018.??.??"]
[WhiteTeam "SV Kreuztal"]
[BlackTeam "SV Oberursel"]

1. d4 d5 2. Nf3 Nf6 3. g3 e6 4. Bg2 Be7 5. c4 O-O 6. O-O dxc4 7. Ne5 Nc6 8.
Bxc6 bxc6 9. Nxc6 Qe8 10. Nxe7+ Qxe7 11. Qa4 c5 12. Qa3 Bb7 13. dxc5 Rfc8 14.
Bd2 Qd7 15. f3 Qd5 16. Be3 Ng4 17. Nc3 Qe5 18. Bf2 Nxf2 19. Rxf2 Rxc5 20. Rd1
Rc7 21. Qxa7 g6 22. Qd4 Qa5 23. a3 Rcc8 24. Qf4 e5 25. Qh4 Qb6 26. e4 Rd8 27.
Rxd8+ Rxd8 28. Kg2 Rd7 29. Qh6 Qd8 30. h4 Bc6 31. Qe3 Qe7 32. Qb6 Ba8 33. Qb4
Qxb4 34. axb4 Bb7 35. Re2 Rd8 36. Kf2 Kg7 37. Ke3 Rd3+ 38. Kf2 f6 39. Rc2 Kf7
40. Ke2 Ke7 41. Rd2 Rxd2+ 42. Kxd2 Kd6 43. Nb5+ Ke6 44. Na3 f5 45. Ke3 fxe4 46.
fxe4 Bc8 47. Nxc4 Bd7 48. Nb6 Bc6 49. Nd5 h6 50. Nc3 Kd6 51. Kd3 Bb7 52. Kc4
Ba6+ 53. b5 Bb7 54. Kb4 g5 55. hxg5 hxg5 56. Kc4 Ba8 57. Kd3 Kc5 58. Ke3 g4 59.
b4+ Kc4 60. Nd5 Bb7 61. Nf6 Bc8 62. b6 Kxb4 63. b7 Bxb7 64. Nxg4 Kc5 65. Nxe5
Kd6 66. Kf4 Ke6 67. Nf3 Kf6 68. Nd4 Bc8 69. e5+ Kg6 70. Nc6 Bd7 71. Ne7+ Kg7
72. Nf5+ Kg6 73. g4 Kf7 74. Nd4 Bc8 75. Kg5 Kg7 76. e6 Kf8 77. Kf6 1-0

[Event "Sparkassen-Open A"]
[Site "Heusenstamm, Martinsee"]
[Date "2018.11.25"]
[Round "6.49"]
[White "Meyer, Marcel"]
[Black "Lesny, Florian"]
[Result "1/2-1/2"]
[WhiteElo "1811"]
[BlackElo "2067"]
[PlyCount "86"]
[EventDate "2018.??.??"]
[WhiteTeam "SC Herborn"]
[BlackTeam "SK Niederbrechen"]

1. d4 d5 2. c4 c6 3. Nf3 Nf6 4. Nc3 e6 5. Bg5 Nbd7 6. e3 Qa5 7. cxd5 exd5 8.
Bd3 Bb4 9. Qc2 O-O 10. O-O h6 11. Bh4 Re8 12. a3 Be7 13. b4 Qd8 14. Na4 a6 15.
Nc5 a5 16. b5 Nxc5 17. dxc5 Nd7 18. Bxe7 Qxe7 19. Nd4 Nxc5 20. bxc6 Nxd3 21.
cxb7 Bxb7 22. Qxd3 Ba6 23. Nb5 Reb8 24. a4 Qc5 25. Rfb1 Bxb5 26. Rxb5 Rxb5 27.
Qxb5 Qxb5 28. axb5 a4 29. b6 Kf8 30. b7 Rb8 31. Kf1 Rxb7 32. Rxa4 Ke7 33. e4
Ke6 34. g3 dxe4 35. Rxe4+ Kf5 36. Rf4+ Ke5 37. h4 f5 38. Ke2 Rb2+ 39. Ke3 g5
40. hxg5 hxg5 41. Ra4 f4+ 42. gxf4+ gxf4+ 43. Kf3 Rc2 1/2-1/2

[Event "Sparkassen-Open A"]
[Site "Heusenstamm, Martinsee"]
[Date "2018.11.25"]
[Round "6.50"]
[White "Schreiner, Roland"]
[Black "Syed, Tareq"]
[Result "1/2-1/2"]
[WhiteElo "2121"]
[BlackElo "2025"]
[PlyCount "60"]
[EventDate "2018.??.??"]
[WhiteTeam "SC Heusenstamm"]
[BlackTeam "SC Brett vorm Kopp"]

1. d4 d6 2. Nf3 Nf6 3. c4 c6 4. Nc3 Nbd7 5. e4 e5 6. Be2 Be7 7. O-O O-O 8. Be3
Re8 9. d5 c5 10. Ne1 h6 11. Nd3 Nh7 12. f3 Bg5 13. Bf2 Nb6 14. Ne1 f5 15. Qc2
f4 16. Rb1 Nd7 17. b4 cxb4 18. Rxb4 b6 19. Nd3 Nb8 20. Rfb1 Na6 21. R4b2 Nf8
22. Nb5 Be7 23. a4 Nd7 24. a5 Rf8 25. axb6 axb6 26. Nc3 Nac5 27. Nb4 Bh4 28. g3
Qg5 29. g4 Bxf2+ 30. Kxf2 Qh4+ 1/2-1/2

[Event "Sparkassen-Open A"]
[Site "Heusenstamm, Martinsee"]
[Date "2018.11.25"]
[Round "6.51"]
[White "Ã–zdemir, Ali Ã–zden"]
[Black "Amtmann, Florian"]
[Result "0-1"]
[WhiteElo "1972"]
[BlackElo "2120"]
[PlyCount "146"]
[EventDate "2018.??.??"]
[WhiteTeam "SK Langen"]
[BlackTeam "Spvgg Stetten"]

1. e4 c5 2. Nf3 d6 3. d4 cxd4 4. Nxd4 Nf6 5. f3 e5 6. Nb3 d5 7. Bg5 d4 8. c3
Nc6 9. Bb5 Qb6 10. Qd3 a6 11. Bxc6+ bxc6 12. cxd4 exd4 13. Qxd4 c5 14. Qa4+ Bd7
15. Qa5 Rb8 16. Qxb6 Rxb6 17. N1d2 Be6 18. Rc1 Rb4 19. Rc2 a5 20. Nxa5 Ra4 21.
Nac4 Rxa2 22. O-O Be7 23. Be3 O-O 24. Ne5 Nd7 25. Nc6 Bf6 26. e5 Nxe5 27. Nxe5
Bxe5 28. Rxc5 Bxb2 29. Ne4 Re8 30. Bf2 h6 31. h3 Rea8 32. Nc3 R2a5 33. Rxa5
Rxa5 34. Ne4 f5 35. Nc5 Bf7 36. Rd1 Be5 37. Nd7 Bf4 38. g3 Bc7 39. Bb6 Bxb6+
40. Nxb6 Rb5 41. Nc8 Rc5 42. Nd6 Bd5 43. Nxf5 Bxf3 44. Ne7+ Kh7 45. Rd3 Bb7 46.
g4 Rc2 47. Nf5 Be4 48. Rd7 Bxf5 49. gxf5 Kg8 50. Rb7 Rc5 51. f6 Rg5+ 52. Kf2
Rf5+ 53. Kg3 Rxf6 54. h4 Rg6+ 55. Kf4 h5 56. Kf5 Rg4 57. Ra7 Kh7 58. Rb7 Kh6
59. Rb8 g6+ 60. Kf6 Rf4+ 61. Ke5 Rxh4 62. Kf6 Rf4+ 63. Ke5 Rf1 64. Ke4 h4 65.
Ke3 Kg5 66. Ke2 Rf7 67. Rh8 Kg4 68. Rh6 g5 69. Ke1 h3 70. Rh8 Kg3 71. Rh6 h2
72. Rh5 g4 73. Rh6 Kg2 0-1

[Event "Sparkassen-Open A"]
[Site "Heusenstamm, Martinsee"]
[Date "2018.11.25"]
[Round "6.52"]
[White "Altenbernd, Jannis-Domenik"]
[Black "Rudolph, Peter"]
[Result "1/2-1/2"]
[WhiteElo "1990"]
[BlackElo "2120"]
[PlyCount "31"]
[EventDate "2018.??.??"]
[WhiteTeam "SG BÃ¼nde"]
[BlackTeam "SK GieÃŸen"]

1. d4 e6 2. c4 Nf6 3. Nc3 d5 4. cxd5 exd5 5. Bg5 c6 6. e3 Bb4 7. Qc2 Nbd7 8.
Bd3 h6 9. Bh4 Qa5 10. f3 O-O 11. Nge2 c5 12. O-O Re8 13. Bf2 c4 14. Bf5 Nf8 15.
Bxc8 Raxc8 16. Qf5 1/2-1/2

[Event "Sparkassen-Open A"]
[Site "Heusenstamm, Martinsee"]
[Date "2018.11.25"]
[Round "6.53"]
[White "MÃ¼dder, Rafael"]
[Black "Heindrich, Mark"]
[Result "1/2-1/2"]
[WhiteElo "1994"]
[BlackElo "2116"]
[PlyCount "44"]
[EventDate "2018.??.??"]
[WhiteTeam "SG Solingen"]
[BlackTeam "TuS Dotzheim"]

1. e4 e5 2. Nf3 Nc6 3. Nc3 Nf6 4. d4 exd4 5. Nxd4 Bb4 6. Nxc6 bxc6 7. Bd3 Qe7
8. O-O d6 9. h3 Nd7 10. Bd2 a6 11. Re1 Ne5 12. Bf1 g5 13. g3 g4 14. Bg2 Bc5 15.
h4 Qf6 16. Be3 Bxe3 17. Rxe3 Be6 18. b3 Ke7 19. Ne2 c5 20. Nf4 Rhe8 21. Rb1 Kf8
22. Nd3 Reb8 1/2-1/2

[Event "Sparkassen-Open A"]
[Site "Heusenstamm, Martinsee"]
[Date "2018.11.25"]
[Round "6.54"]
[White "Steudel, Max"]
[Black "Flach, Erich"]
[Result "0-1"]
[WhiteElo "1951"]
[BlackElo "2110"]
[PlyCount "124"]
[EventDate "2018.??.??"]
[WhiteTeam "SC Brett vorm Kopp"]
[BlackTeam "SV Griesheim"]

1. e4 c5 2. Nc3 e6 3. f4 d5 4. Nf3 Nf6 5. Bb5+ Nc6 6. Bxc6+ bxc6 7. e5 Nd7 8.
d3 f5 9. exf6 Qxf6 10. O-O Bd6 11. Qe2 O-O 12. Bd2 e5 13. fxe5 Nxe5 14. Rae1
Bg4 15. Nxe5 Bxe2 16. Rxf6 gxf6 17. Nxc6 Bg4 18. Nxd5 Kf7 19. Bc3 Bd7 20. Na5
Rae8 21. Rxe8 Bxe8 22. Nxf6 Kg6 23. Ne4 Bf4 24. Nc4 Bb5 25. Ne5+ Bxe5 26. Bxe5
c4 27. Nd6 cxd3 28. cxd3 Bxd3 29. g3 Rf1+ 30. Kg2 Re1 31. Bc3 Re6 32. Nc8 a6
33. Kf3 Be4+ 34. Kf4 Bb7 35. Na7 Re4+ 36. Kf3 Bd5 37. Kf2 Bb7 38. a3 Kf5 39. h3
Ke6 40. b4 Rc4 41. Bd2 Rc2 42. Ke1 Ra2 43. b5 Rxa3 44. bxa6 Bxa6 45. Bf4 Kd7
46. Kf2 Ra2+ 47. Kg1 Rb2 48. Be3 Rb1+ 49. Kg2 Bf1+ 50. Kf3 Bxh3 51. g4 Rb4 52.
g5 Bg4+ 53. Kg3 Bf5 54. Bf4 Rb3+ 55. Kf2 Be4 56. Be3 Kc7 57. Bd4 Kb7 58. Be3
Bf5 59. Bd4 Bd7 60. Bc5 Rc3 61. Bd4 Ra3 62. Be3 Rxa7 0-1